000 00372nam a2200133Ia 4500
008 220217s9999||||xx |||||||||||||| ||und||
020 _a0-07-463-666-9
082 _a005.133 JER
100 _aJerke, Noel
_91342
245 0 _aVisual basic 6: the complete reference
260 _aTata mcgraw hill
_bNew Delhi
_c1999
300 _b395
650 _aPROGRAMMING LANGUAGE
999 _c166241
_d166241